Systemy Windows - Statystyki

Ogólne statystyki
  • Ten quiz został rozwiązany 524 razy
    193 od ostatniego zresetowania
  • Średni wynik to 11 z 17
Statystyki odpowiedzi
Rok wydania Nazwa systemu % Poprawnych
2015 Windows 10
94%
2021 Windows 11
94%
2001 Windows XP
93%
2012 Windows 8
92%
2009 Windows 7
91%
1995 Windows 95
82%
1998 Windows 98
81%
2007 Windows Vista
74%
2000 Windows 2000
68%
2013 Windows 8.1
58%
2000 Windows ME
56%
2008 Windows Server 2008
35%
2016 Windows Server 2016
35%
1993 Windows NT 3.1
34%
2003 Windows Server 2003
34%
2012 Windows Server 2012
33%
2018 Windows Server 2019
20%
Nie znaleziono quizów pasujących do podanych kryteriów
Rozkład punktacji
Procent ludzi z każdym wynikiem
Percentyl według liczby udzielonych odpowiedzi
Twoja historia wyników
Nie rozwiązałeś tego quizu od ostatniego zresetowania